00331cam a22001097a 4500008004000000082001500040100001900055245008600074260002400160300001000184650002700194180718b1938 xxu||||| |||| 00| 0 eng d aYA053 B358 aBeadnell, C.M. aDictionalry of scientific terms as used in the various sciencescby C.M. Beadnell aLondonbWattsc1938 a235p. aScience - Dictionaries